| 000 | 01115 a2200217 4500 | ||
|---|---|---|---|
| 003 | Nust | ||
| 005 | 20221123113141.0 | ||
| 010 | _a 92234408 | ||
| 020 | _a00711472276 | ||
| 040 | _cNust | ||
| 082 | 0 | 0 | _a621.381045,SIN |
| 100 | 1 |
_aSingh, Jasprit _973418 |
|
| 245 | 1 | 0 |
_aOptoelectronics : _ban introduction to materials and devices / _cJasprit Singh |
| 260 |
_a New York _a McGraw Hill _c1996 |
||
| 300 |
_a, 537 p. : _bill. ; _c24 cm. |
||
| 505 | _aMaterials for Optoelectronics Structural Properties (Page-1), Light Propagations Media (Page-41), Light Propagation in Waveguides(Page-78), Electronic Properties of Semiconductors (Page-131), Transport and Optical Properties of Semiconductors (Page-177), Light Detection and Imaging (Page-236), The Light Emitting Diode (Page-394), The Laser Diode (Page-338), Modulation and Display Deices (Page-388), Optical Communication Systems Device Needs (Page-438), Fabrication and Processing of Devices (Page-468). | ||
| 650 | 0 |
_aElectrooptical devices. _941523 |
|
| 650 | 0 |
_aOptoelectronics. _955912 |
|
| 650 | 0 | _aTelecommunication Engineering | |
| 942 |
_2ddc _cBK |
||
| 999 |
_c188274 _d188274 |
||